=LDR 00000nam 2200000 4500 =001 INLIS000000000038926 =005 20130612144602 =008 ***********************************ind** =035 ##$$0010-061300000038926 =041 ##$$a ind =082 ##$$a 658.84 =090 ##$$a 658.84, Ari s =100 ##$$a ARIEFIANSYAH, Miyosi =245 ##$$a Strategi gila menjadi manajer no 1/ Miyosi Ariefiansyah, Ryan Ariefiasyah; Editor, Anisa ami =260 ##$$a 2011 $b Jakarta =300 ##$$a Vi, 163 Hlm, 21 Cm =650 ##$$a MANAJEMEN EKSEKUTIF =700 ##$$a ARIEFIASYAH, Ryan =850 ##$$a NBPNMAT